[Event "Russian Cup Final 2015"]
[Site "Khanty-Mansiysk RUS"]
[Date "2015.12.05"]
[Round "1.1"]
[White "Fedoseev, Vladimir3"]
[Black "Rozum, Ivan"]
[Result "1/2-1/2"]
[WhiteTitle "GM"]
[BlackTitle "GM"]
[WhiteElo "2664"]
[BlackElo "2559"]
[WhiteFideId "24130737"]
[BlackFideId "24104272"]
[EventDate "2015.12.05"]

1. Nf3 Nf6 2. d4 e6 3. c4 Bb4+ 4. Nbd2 O-O 5. a3 Be7 6. e4 d6 7. Bd3 Nbd7 8. O-O
c5 9. d5 e5 10. b4 b6 11. Nb3 Ne8 12. h3 g6 13. Bh6 Ng7 14. Qc2 Kh8 15. Rfb1 Qc7
16. Kh1 Nf6 17. bxc5 bxc5 18. Bd2 Bd7 19. Qc3 Ng8 20. Na5 Rab8 21. Rxb8 Rxb8 22.
Ng5 Be8 23. Re1 h6 24. Nf3 f5 25. Bc2 f4 26. g3 g5 27. gxf4 gxf4 28. Bxf4 exf4
29. e5 dxe5 30. Nxe5 Bd6 31. Ng4 Bd7 32. Nf6 Rf8 33. Nh5 Be8 34. Nxg7 Qxg7 35.
Qxg7+ Kxg7 36. Nb7 Be7 37. Kg1 Bf7 38. d6 Bd8 39. Nxc5 Bb6 40. Ne6+ Bxe6 41.
Rxe6 Bc5 42. d7 Nf6 43. Ba4 Rd8 44. Re8 Bb6 45. c5 Nxe8 1/2-1/2

[Event "Russian Cup Final 2015"]
[Site "Khanty-Mansiysk RUS"]
[Date "2015.12.05"]
[Round "1.1"]
[White "Eliseev, Urii"]
[Black "Bukavshin, Ivan"]
[Result "1/2-1/2"]
[WhiteTitle "GM"]
[BlackTitle "GM"]
[WhiteElo "2560"]
[BlackElo "2657"]
[WhiteFideId "24131920"]
[BlackFideId "4199758"]
[EventDate "2015.12.05"]

1. e4 e5 2. Nf3 Nc6 3. Bb5 Nf6 4. d3 Bc5 5. O-O Nd4 6. Nxd4 Bxd4 7. c3 Bb6 8.
Na3 O-O 9. Bg5 h6 10. Bh4 d6 11. Nc4 g5 12. Bg3 Bg4 13. Qd2 Nh5 14. d4 Be6 15.
d5 Bd7 16. Bxd7 Qxd7 17. a4 a6 18. Nxb6 cxb6 19. c4 a5 20. Ra3 Rac8 21. Rc1 Rc5
22. b4 axb4 23. Qxb4 Rfc8 24. f3 Nxg3 25. hxg3 Kg7 26. f4 Qe7 27. fxg5 hxg5 28.
Rf3 f6 29. g4 Qc7 30. Kh2 Kg6 31. Rcf1 Rh8+ 32. Kg3 Rf8 33. Rc3 Rc8 34. Rcf3 Rf8
35. Rc3 Rc8 36. Rcf3 Rf8 37. Rc3 1/2-1/2

[Event "Russian Cup Final 2015"]
[Site "Khanty-Mansiysk RUS"]
[Date "2015.12.05"]
[Round "1.1"]
[White "Khismatullin, Denis"]
[Black "Iljiushenok, Ilia"]
[Result "1/2-1/2"]
[WhiteTitle "GM"]
[BlackTitle "IM"]
[WhiteElo "2654"]
[BlackElo "2470"]
[WhiteFideId "4142578"]
[BlackFideId "24105074"]
[EventDate "2015.12.05"]

1. d4 d5 2. c4 c6 3. Nf3 Nf6 4. e3 Bf5 5. Nc3 e6 6. Nh4 Bg6 7. Nxg6 hxg6 8. Bd2
Nbd7 9. Bd3 a6 10. O-O dxc4 11. Bxc4 c5 12. Be2 Bd6 13. g3 Qe7 14. Bf3 Rb8 15.
dxc5 Bxc5 16. Qe2 O-O 17. Rfd1 Ne5 18. Bg2 Rfc8 19. Rac1 b5 20. Be1 Nc4 21. a4
Ba7 22. axb5 axb5 23. Ra1 Rc7 24. Na2 Bc5 25. Nc1 Bb4 26. Nb3 e5 27. Bc3 Bxc3
28. bxc3 Rbc8 29. Nc1 e4 30. Na2 g5 31. h3 Qe5 32. Rd4 Nd6 33. Rad1 Nf5 34. R4d2
Rc5 35. Kh2 g6 36. Rd8+ Kg7 37. Rxc8 Rxc8 38. Kg1 Rc5 39. Rb1 Nd6 40. Rd1 Nf5
41. Rb1 1/2-1/2

[Event "Russian Cup Final 2015"]
[Site "Khanty-Mansiysk RUS"]
[Date "2015.12.05"]
[Round "1.1"]
[White "Kokarev, Dmitry"]
[Black "Pridorozhni, Aleksei"]
[Result "1-0"]
[WhiteTitle "GM"]
[BlackTitle "GM"]
[WhiteElo "2611"]
[BlackElo "2563"]
[WhiteFideId "4132181"]
[BlackFideId "4127870"]
[EventDate "2015.12.05"]

1. e4 e5 2. Nf3 Nc6 3. Bb5 Nf6 4. d3 Bc5 5. Bxc6 dxc6 6. O-O Bg4 7. h3 Bh5 8. g4
Nxg4 9. hxg4 Bxg4 10. Be3 Bd6 11. Kh1 Qd7 12. Rg1 h5 13. Nbd2 O-O-O 14. Qe1 f6
15. Nh2 Be6 16. Nc4 Kb8 17. Rg6 Qf7 18. Qg1 Bg4 19. Rxg4 hxg4 20. Qxg4 g6 21.
Rg1 g5 22. Kg2 Rh4 23. Qf5 Qh7 24. Qxh7 Rxh7 25. Ng4 Be7 26. b4 b6 27. Rb1 Kc8
28. Nd2 Kd7 29. Nf1 Ra8 30. Ng3 a5 31. b5 c5 32. a4 Ke6 33. Nf5 Rd8 34. Rb3 Bf8
35. Rc3 Rdd7 36. Rc4 Rd8 37. f3 Rhd7 38. Bf2 Rh7 39. Bg3 Rdd7 40. Nf2 Kf7 41.
Rc3 Rd8 42. Ng4 Ke6 43. Nfe3 Be7 44. Rb3 Rd4 45. Nc4 Rd8 46. Rb1 Bf8 47. Rd1 Be7
48. c3 Bf8 49. Nce3 Be7 50. Nd5 Rxd5 51. exd5+ Kxd5 52. d4 Ke6 53. dxe5 f5 54.
Nf2 f4 55. Bh2 Kxe5 56. c4 Ke6 57. Bg1 Rh8 58. Ng4 Rd8 59. Rxd8 Bxd8 60. Kf1 Be7
61. Ke2 Bf8 62. Kd3 Kf5 63. Bf2 1-0

[Event "Russian Cup Final 2015"]
[Site "Khanty-Mansiysk RUS"]
[Date "2015.12.05"]
[Round "1.1"]
[White "Maletin, Pavel"]
[Black "Goganov, Aleksey"]
[Result "1/2-1/2"]
[WhiteTitle "GM"]
[BlackTitle "GM"]
[WhiteElo "2577"]
[BlackElo "2597"]
[WhiteFideId "4146786"]
[BlackFideId "24109959"]
[EventDate "2015.12.05"]

1. d4 Nf6 2. c4 e6 3. Nf3 d5 4. g3 Be7 5. Bg2 O-O 6. O-O dxc4 7. Qc2 b6 8. Bg5
Ba6 9. Rd1 Nd5 10. Bxe7 Qxe7 11. Ne5 Rc8 12. Nd2 c5 13. dxc5 Rxc5 14. Ne4 Rc8
15. Nc3 Bb7 16. Nxd5 exd5 17. Bxd5 Bxd5 18. Rxd5 Nc6 19. Nxc6 Rxc6 20. Rad1 g6
21. Rd7 Qe6 22. e3 b5 23. Qc3 Qf6 24. Qb4 a6 25. R1d4 Rf8 26. Qd2 Qf5 27. Kg2
Qb1 28. Rd8 Rc8 29. Rxc8 Rxc8 30. Rd8+ Rxd8 31. Qxd8+ Kg7 32. Qd4+ Kg8 33. Qd8+
Kg7 34. Qd4+ Kg8 35. Qd8+ 1/2-1/2

[Event "Russian Cup Final 2015"]
[Site "Khanty-Mansiysk RUS"]
[Date "2015.12.05"]
[Round "1.1"]
[White "Khairullin, Ildar"]
[Black "Alekseenko, Kirill"]
[Result "1-0"]
[WhiteTitle "GM"]
[BlackTitle "GM"]
[WhiteElo "2647"]
[BlackElo "2568"]
[WhiteFideId "4151348"]
[BlackFideId "4135539"]
[EventDate "2015.12.05"]

1. d4 Nf6 2. c4 e6 3. Nf3 Bb4+ 4. Nbd2 O-O 5. a3 Be7 6. e4 d5 7. e5 Nfd7 8. Bd3
c5 9. h4 h6 10. Bb1 Re8 11. Qc2 Nf8 12. dxc5 a5 13. O-O Na6 14. Rd1 Nxc5 15. Ba2
Bd7 16. cxd5 exd5 17. Nf1 Qb6 18. Be3 Nfe6 19. Bxd5 Ba4 20. Qxa4 Nxa4 21. Bxb6
Nxb6 22. Bxb7 Rab8 23. Bc6 Rec8 24. Rac1 Nc5 25. Nd4 Bf8 26. b4 axb4 27. axb4
Ncd7 28. e6 fxe6 29. Bxd7 Nxd7 30. Nc6 Rb6 31. Ne7+ Bxe7 32. Rxc8+ Nf8 33. Rb1
Rxb4 34. Rxb4 Bxb4 35. Ne3 Kf7 36. Rc7+ Be7 37. g3 Ke8 38. Kg2 Nd7 39. Nc4 Bb4
40. Kf3 Kd8 41. Rb7 Bc5 42. Nd2 Bb6 43. Nc4 Bc5 44. Ke2 Bd4 45. Rb5 Ke7 46. Nd2
Bc5 47. Ne4 Bb6 48. Kd3 Kd8 49. Rb2 Ne5+ 50. Ke2 Nd7 51. Nd6 Bd4 52. Rd2 Bb6 53.
Kd3 Bc7 54. Kc4 Ke7 55. Ne4 Ba5 56. Ra2 Bb6 57. Kb5 Bd4 58. Rd2 e5 59. Ra2 Ke6
60. Kc4 Nb6+ 61. Kd3 Nd5 62. Ra8 Kf5 63. Rf8+ Ke6 64. Rg8 Kf7 65. Rd8 Ne7 66. h5
Ke6 67. g4 Kf7 68. f3 Bg1 69. Rb8 Ke6 70. Rd8 Ba7 71. Rd6+ Kf7 72. Ra6 Bg1 73.
Nd6+ Kg8 74. Ke4 1-0

[Event "Russian Cup Final 2015"]
[Site "Khanty-Mansiysk RUS"]
[Date "2015.12.05"]
[Round "1.1"]
[White "Tukhaev, Adam"]
[Black "Motylev, Alexander"]
[Result "0-1"]
[WhiteTitle "GM"]
[BlackTitle "GM"]
[WhiteElo "2564"]
[BlackElo "2653"]
[WhiteFideId "14109476"]
[BlackFideId "4121830"]
[EventDate "2015.12.05"]

1. e4 c6 2. d4 d5 3. e5 c5 4. dxc5 Nc6 5. a3 Nxe5 6. b4 g6 7. Bb5+ Bd7 8. Qxd5
Bxb5 9. Qxe5 Nf6 10. Nc3 Bc6 11. f3 Bg7 12. Nge2 O-O 13. Bb2 b6 14. Rd1 Nd7 15.
Qe3 bxc5 16. Nd5 Bxb2 17. Nxe7+ Kg7 18. Nxc6 Qc7 19. Qb3 Bf6 20. Qd5 Nb6 21. Qd6
Rfc8 22. b5 a6 23. Qxc5 Na4 24. Qd6 Qb6 25. Nb4 Qxb5 26. Nd5 Bh4+ 27. g3 Re8 28.
O-O Rad8 29. Qb4 Rxd5 30. Rxd5 Qxd5 31. Nf4 Qc5+ 32. Qxc5 Nxc5 33. gxh4 Re3 34.
a4 0-1

[Event "Russian Cup Final 2015"]
[Site "Khanty-Mansiysk RUS"]
[Date "2015.12.06"]
[Round "1.2"]
[White "Rozum, Ivan"]
[Black "Fedoseev, Vladimir3"]
[Result "0-1"]
[WhiteTitle "GM"]
[BlackTitle "GM"]
[WhiteElo "2559"]
[BlackElo "2664"]
[WhiteFideId "24104272"]
[BlackFideId "24130737"]
[EventDate "2015.12.05"]

1. Nf3 d5 2. g3 g6 3. d4 Bg7 4. Bg2 e6 5. O-O Nc6 6. c4 Nge7 7. e3 O-O 8. Na3 b6
9. b3 a5 10. Bb2 Ba6 11. Qd2 a4 12. Rfd1 Na5 13. Qc2 Nec6 14. Qc3 Re8 15. Ne5
Nxe5 16. dxe5 c6 17. e4 Qc8 18. cxd5 exd5 19. f4 d4 20. Rxd4 axb3 21. axb3 c5
22. Rd6 Nb7 23. Rd5 b5 24. Nc2 b4 25. Qd2 Bb5 26. Rxa8 Qxa8 27. Nxb4 Rb8 28. Qe3
Be8 29. Nc2 Qa2 30. Qc3 Nd8 31. Na1 Ne6 32. Rd2 Bc6 33. Qc1 Qa8 34. Qe1 g5 35.
f5 Nd4 36. Qe3 h6 37. f6 Bf8 38. h4 Ne6 39. Bh3 Nd4 40. e6 Bxe4 41. Kf2 Qc6 42.
hxg5 Nxe6 43. gxh6 Kh7 44. Re2 Rb4 45. Bc1 Qd5 46. Kg1 Rd4 47. Rd2 Ng5 48. Bg4
Bxh6 49. Rxd4 cxd4 50. Qf2 d3 51. b4 Bg6 52. Bf4 Ne4 53. Qe3 Bf8 54. Bd1 Bxb4
55. Nb3 Bc3 56. Qf3 Bxf6 57. Nd2 Kg8 58. Be3 Qe5 59. Qf4 Qa1 60. Qf1 Nxg3 61.
Qe1 Ne2+ 62. Kf1 Qe5 63. Qf2 Bh4 64. Qf3 Bh5 65. Qa8+ Kg7 66. Nc4 Qf5+ 67. Kg2
Qg4+ 68. Kf1 Qxc4 69. Bh6+ Kxh6 70. Qh8+ Kg6 71. Qg8+ Kf5 0-1

[Event "Russian Cup Final 2015"]
[Site "Khanty-Mansiysk RUS"]
[Date "2015.12.06"]
[Round "1.2"]
[White "Bukavshin, Ivan"]
[Black "Eliseev, Urii"]
[Result "1/2-1/2"]
[WhiteTitle "GM"]
[BlackTitle "GM"]
[WhiteElo "2657"]
[BlackElo "2560"]
[WhiteFideId "4199758"]
[BlackFideId "24131920"]
[EventDate "2015.12.05"]

1. d4 Nf6 2. Nf3 g6 3. Nbd2 d5 4. e3 Bg7 5. b4 a5 6. b5 c5 7. dxc5 Ne4 8. Ba3
Nc3 9. Qc1 O-O 10. Bd3 e5 11. Qb2 e4 12. Nd4 Bxd4 13. exd4 exd3 14. Qxc3 Qe8+
15. Kf1 Qe2+ 16. Kg1 dxc2 17. Qxc2 Qxb5 18. Qc3 Nc6 19. h3 Bf5 20. Kh2 Qe2 21.
Rhf1 Rfe8 22. Nf3 a4 23. Kg1 Qd3 24. Qc1 Re2 25. Rd1 Qc2 26. Qxc2 Bxc2 27. Re1
Rae8 28. Bb2 Bd3 29. a3 f6 30. Rad1 Kf7 31. Bc3 Rxe1+ 32. Nxe1 Bc4 33. Rb1 Bb3
34. Nf3 Na7 35. Re1 Re4 36. g4 Nb5 37. Bb2 Bc4 38. Kg2 g5 39. Kg3 Ke6 40. Re3
Rxe3 41. fxe3 Bd3 42. Nd2 h6 43. Kf2 Kd7 44. Kf3 Ke6 45. Kf2 Be4 46. Nf1 f5 47.
Nd2 Kf6 48. Kg3 Kg6 49. Kf2 h5 50. gxh5+ Kxh5 51. Kg3 Nc7 52. Nf1 Ne6 53. Bc1
f4+ 54. exf4 Nxd4 55. Kf2 Nb3 56. Be3 gxf4 57. Bxf4 Bd3 58. Nh2 Kh4 59. Nf3+
Kxh3 60. Ke3 Nxc5 61. Bd6 Ne4 62. Be7 Bb1 63. Ng5+ Kg4 64. Nxe4 Bxe4 1/2-1/2

[Event "Russian Cup Final 2015"]
[Site "Khanty-Mansiysk RUS"]
[Date "2015.12.06"]
[Round "1.2"]
[White "Iljiushenok, Ilia"]
[Black "Khismatullin, Denis"]
[Result "0-1"]
[WhiteTitle "IM"]
[BlackTitle "GM"]
[WhiteElo "2470"]
[BlackElo "2654"]
[WhiteFideId "24105074"]
[BlackFideId "4142578"]
[EventDate "2015.12.05"]

1. d4 Nf6 2. c4 e6 3. Nc3 Bb4 4. e3 O-O 5. Ne2 c6 6. a3 Ba5 7. b4 Bc7 8. e4 d6
9. Ng3 e5 10. d5 a5 11. Bd2 axb4 12. axb4 Rxa1 13. Qxa1 Na6 14. Nd1 h5 15. h4
Bb6 16. dxc6 Bd4 17. Qa4 Qb6 18. cxb7 Bxb7 19. f3 Ra8 20. Nf5 Nc7 21. Qc2 Ne6
22. Nxd4 Nxd4 23. Qb2 Ra3 24. Bc3 Qa7 25. Bd3 Ra2 26. Bxd4 exd4 27. Qb1 Rxg2 28.
Nf2 Bc8 29. Kf1 Rg3 30. Ke2 Be6 31. Qa1 Qb8 32. Qxd4 Nd7 33. f4 Qxb4 34. f5 Nc5
35. Rb1 Rxd3 36. Rxb4 Rxd4 37. fxe6 fxe6 38. Ke3 e5 39. Rb6 Kf7 40. Rc6 Ke6 41.
Rc7 g6 42. Nh3 Rxe4+ 43. Kf3 Rxc4 0-1

[Event "Russian Cup Final 2015"]
[Site "Khanty-Mansiysk RUS"]
[Date "2015.12.06"]
[Round "1.2"]
[White "Pridorozhni, Aleksei"]
[Black "Kokarev, Dmitry"]
[Result "1/2-1/2"]
[WhiteTitle "GM"]
[BlackTitle "GM"]
[WhiteElo "2563"]
[BlackElo "2611"]
[WhiteFideId "4127870"]
[BlackFideId "4132181"]
[EventDate "2015.12.05"]

1. e4 c5 2. Nf3 d6 3. d4 cxd4 4. Nxd4 Nf6 5. Nc3 a6 6. Bg5 e6 7. Qe2 Be7 8. h4
b5 9. a3 Bb7 10. f3 Nbd7 11. O-O-O Rc8 12. Kb1 Rxc3 13. bxc3 O-O 14. Bc1 Qc7 15.
g4 Nb6 16. g5 Na4 17. gxf6 Nxc3+ 18. Ka1 Nxe2 19. fxe7 Nxd4 20. exf8=Q+ Kxf8 21.
Rxd4 Qc3+ 22. Bb2 Qxf3 23. Rg1 Qf2 24. Rh1 Qf3 25. Rg1 Qf2 26. Rh1 Qf3 27. Rg1 1/2-1/2

[Event "Russian Cup Final 2015"]
[Site "Khanty-Mansiysk RUS"]
[Date "2015.12.06"]
[Round "1.2"]
[White "Goganov, Aleksey"]
[Black "Maletin, Pavel"]
[Result "1/2-1/2"]
[WhiteTitle "GM"]
[BlackTitle "GM"]
[WhiteElo "2597"]
[BlackElo "2577"]
[WhiteFideId "24109959"]
[BlackFideId "4146786"]
[EventDate "2015.12.05"]

1. e4 e5 2. Nf3 Nc6 3. Bb5 a6 4. Ba4 Nf6 5. O-O Be7 6. Re1 b5 7. Bb3 d6 8. c3
O-O 9. h3 Nb8 10. d4 Nbd7 11. Nbd2 Bb7 12. Bc2 Re8 13. Nf1 Bf8 14. Ng3 g6 15.
Bg5 h6 16. Bd2 exd4 17. cxd4 c5 18. d5 a5 19. Qc1 Kh7 20. h4 h5 21. Bg5 Qc7 22.
Bxf6 Nxf6 23. Qg5 Bg7 24. e5 dxe5 25. Nxe5 Kg8 26. d6 Qxd6 27. Nxf7 Qd5 28. Qxd5
Bxd5 29. Nd6 Rxe1+ 30. Rxe1 Bxa2 31. Nxb5 Bf7 32. Nd6 Rb8 33. Nxf7 Kxf7 34. b3
Rd8 35. Ne4 Nxe4 36. Bxe4 Rd2 37. Re3 Bf6 38. g3 Kg7 39. Bc6 Bd4 40. Rf3 Bf6 41.
Bb5 Rc2 42. Kg2 Rc3 43. Rxc3 Bxc3 1/2-1/2

[Event "Russian Cup Final 2015"]
[Site "Khanty-Mansiysk RUS"]
[Date "2015.12.06"]
[Round "1.2"]
[White "Alekseenko, Kirill"]
[Black "Khairullin, Ildar"]
[Result "0-1"]
[WhiteTitle "GM"]
[BlackTitle "GM"]
[WhiteElo "2568"]
[BlackElo "2647"]
[WhiteFideId "4135539"]
[BlackFideId "4151348"]
[EventDate "2015.12.05"]

1. e4 e5 2. Nf3 Nc6 3. Bb5 a6 4. Ba4 Nf6 5. O-O Be7 6. Bxc6 dxc6 7. d3 Nd7 8.
Nbd2 O-O 9. Nc4 f6 10. Nh4 Nc5 11. b3 Rf7 12. a4 Ne6 13. Nf5 Bf8 14. Qh5 b6 15.
Kh1 c5 16. f4 exf4 17. Bxf4 Nd4 18. Nce3 Bxf5 19. exf5 Bd6 20. Rae1 Qd7 21. Bxd6
Qxd6 22. Nc4 Qd7 23. c3 Nxb3 24. Qd1 Na5 25. Nxa5 bxa5 26. Re6 Rd8 27. Rf3 c4
28. d4 c5 29. Rf4 Qc7 30. Qf3 cxd4 31. Rxd4 Rxd4 32. cxd4 Re7 33. g3 Rxe6 34.
fxe6 Kf8 35. Qa8+ Ke7 36. d5 c3 37. Qg8 c2 38. Qxg7+ Kd6 39. Qf8+ Kxd5 0-1

[Event "Russian Cup Final 2015"]
[Site "Khanty-Mansiysk RUS"]
[Date "2015.12.06"]
[Round "1.2"]
[White "Motylev, Alexander"]
[Black "Tukhaev, Adam"]
[Result "1-0"]
[WhiteTitle "GM"]
[BlackTitle "GM"]
[WhiteElo "2653"]
[BlackElo "2564"]
[WhiteFideId "4121830"]
[BlackFideId "14109476"]
[EventDate "2015.12.05"]

1. e4 c5 2. Nf3 Nc6 3. Bb5 e6 4. Bxc6 bxc6 5. d3 Ne7 6. Qe2 Ng6 7. h4 h5 8. e5
f6 9. Nbd2 d6 10. exd6 Qxd6 11. Ne4 Qd5 12. Nc3 Qd8 13. Be3 Rb8 14. O-O-O c4 15.
dxc4 Qa5 16. Qd3 Kf7 17. Kb1 Be7 18. Ne4 e5 19. Nfd2 Rd8 20. Nb3 Qc7 21. Qe2 Bg4
22. f3 Bf5 23. Nec5 Rxd1+ 24. Rxd1 Rd8 25. Rxd8 Qxd8 26. g3 Nf8 27. Qd2 Qxd2 28.
Nxd2 g5 29. Nce4 gxh4 30. gxh4 Ng6 31. Ng3 Nxh4 32. Nxh5 a6 33. Ng3 Bh3 34. Ne2
f5 35. Ng1 Bg2 36. Kc1 f4 37. Bf2 Nf5 38. Kd1 Ne3+ 39. Bxe3 fxe3 40. Ne4 Bf1 41.
Ne2 Bg2 42. Ng1 Bf1 43. Ne2 Bh4 44. N2g3 e2+ 45. Kd2 a5 46. Nxe2 1-0

[Event "Russian Cup Final 2015"]
[Site "Khanty-Mansiysk RUS"]
[Date "2015.12.06"]
[Round "1.3"]
[White "Bukavshin, Ivan"]
[Black "Eliseev, Urii"]
[Result "1/2-1/2"]
[WhiteTitle "GM"]
[BlackTitle "GM"]
[WhiteElo "2657"]
[BlackElo "2560"]
[WhiteFideId "4199758"]
[BlackFideId "24131920"]
[EventDate "2015.12.05"]

1. d4 Nf6 2. Nf3 g6 3. e3 Bg7 4. Be2 O-O 5. O-O d5 6. h3 c5 7. dxc5 Ne4 8. Nc3
Bxc3 9. bxc3 Nxc3 10. Qe1 Nxe2+ 11. Qxe2 Qa5 12. e4 dxe4 13. Qxe4 Qxc5 14. Be3 1/2-1/2

[Event "Russian Cup Final 2015"]
[Site "Khanty-Mansiysk RUS"]
[Date "2015.12.06"]
[Round "1.3"]
[White "Goganov, Aleksey"]
[Black "Maletin, Pavel"]
[Result "0-1"]
[WhiteTitle "GM"]
[BlackTitle "GM"]
[WhiteElo "2597"]
[BlackElo "2577"]
[WhiteFideId "24109959"]
[BlackFideId "4146786"]
[EventDate "2015.12.05"]

1. e4 e5 2. Nf3 Nc6 3. Bb5 a6 4. Ba4 Nf6 5. O-O Be7 6. Re1 b5 7. Bb3 d6 8. c3
O-O 9. h3 Nb8 10. d4 Nbd7 11. Nbd2 Bb7 12. Bc2 Re8 13. Nf1 Bf8 14. Ng3 g6 15. a4
c5 16. d5 c4 17. Bg5 Nc5 18. Qd2 Be7 19. Bh6 Nfd7 20. Nh2 Nxa4 21. Bxa4 bxa4 22.
Rxa4 a5 23. Ng4 Ba6 24. Be3 Bf8 25. Nh6+ Bxh6 26. Bxh6 Nc5 27. Ra2 f6 28. Rf1
Nd3 29. f4 Bc8 30. Kh2 Ra7 31. Ra4 Nc5 32. Ra2 Rf7 33. fxe5 dxe5 34. Be3 Nd3 35.
Rfa1 Rb7 36. Rxa5 Rxb2 37. Qd1 Qd7 38. Bd2 f5 39. exf5 Nf4 40. d6 Qc6 41. Qf3
Qxf3 42. gxf3 Rxd2+ 43. Kh1 Bxf5 0-1

[Event "Russian Cup Final 2015"]
[Site "Khanty-Mansiysk RUS"]
[Date "2015.12.06"]
[Round "1.4"]
[White "Eliseev, Urii"]
[Black "Bukavshin, Ivan"]
[Result "1/2-1/2"]
[WhiteTitle "GM"]
[BlackTitle "GM"]
[WhiteElo "2560"]
[BlackElo "2657"]
[WhiteFideId "24131920"]
[BlackFideId "4199758"]
[EventDate "2015.12.05"]

1. e4 e5 2. Nf3 Nc6 3. Bb5 Nf6 4. d3 Bc5 5. Bxc6 dxc6 6. Nbd2 Nd7 7. O-O O-O 8.
Nc4 Re8 9. Be3 Bf8 10. Kh1 c5 11. a4 b6 12. Bd2 Ba6 13. b3 Bxc4 14. bxc4 Nb8 15.
Ng5 f6 16. Nh3 Nc6 17. f4 exf4 18. Nxf4 Bd6 19. Rf3 Qd7 20. Nd5 Ne5 21. Rg3 Ng6
22. Rh3 c6 23. Ne3 Nf4 24. Rf3 Be5 25. Rb1 Ne6 26. Rh3 Rad8 1/2-1/2

[Event "Russian Cup Final 2015"]
[Site "Khanty-Mansiysk RUS"]
[Date "2015.12.06"]
[Round "1.4"]
[White "Maletin, Pavel"]
[Black "Goganov, Aleksey"]
[Result "1-0"]
[WhiteTitle "GM"]
[BlackTitle "GM"]
[WhiteElo "2577"]
[BlackElo "2597"]
[WhiteFideId "4146786"]
[BlackFideId "24109959"]
[EventDate "2015.12.05"]

1. Nf3 Nf6 2. g3 g6 3. Bg2 Bg7 4. O-O O-O 5. d4 d6 6. c4 Nbd7 7. Nc3 e5 8. e4
exd4 9. Nxd4 Nc5 10. h3 Re8 11. Re1 Bd7 12. Rb1 a5 13. Kh2 h5 14. b3 Nh7 15. Be3
h4 16. g4 Ng5 17. Qc2 Bc6 18. f3 Nge6 19. Nde2 b6 20. Rbd1 Qb8 21. Bf2 Be5+ 22.
Kg1 Qd8 23. Be3 Qf6 24. g5 Nxg5 25. f4 Bxe4 26. Nxe4 Ngxe4 27. fxe5 Qxe5 28. Nf4
c6 29. Nd3 Qg3 30. Bf4 Nxd3 31. Bxg3 1-0

[Event "Russian Cup Final 2015"]
[Site "Khanty-Mansiysk RUS"]
[Date "2015.12.06"]
[Round "1.5"]
[White "Bukavshin, Ivan"]
[Black "Eliseev, Urii"]
[Result "1-0"]
[WhiteTitle "GM"]
[BlackTitle "GM"]
[WhiteElo "2657"]
[BlackElo "2560"]
[WhiteFideId "4199758"]
[BlackFideId "24131920"]
[EventDate "2015.12.05"]

1. d4 Nf6 2. c4 g6 3. Nc3 d5 4. Bg5 Ne4 5. h4 Nxc3 6. bxc3 Bg7 7. cxd5 Qxd5 8.
f3 c5 9. e4 Qd7 10. Ne2 cxd4 11. cxd4 Nc6 12. d5 Ne5 13. Nd4 O-O 14. h5 Qd6 15.
Qd2 Bd7 16. hxg6 hxg6 17. Rd1 Rac8 18. Bh6 Qf6 19. Bxg7 Qxg7 20. Kf2 Qf6 21. Kg3
a6 22. Be2 Nc4 23. Qh6 Qg7 24. Rh2 Qxh6 25. Rxh6 Kg7 26. Rdh1 Na5 27. Rh7+ Kf6
28. f4 Rc3+ 29. Nf3 Bb5 30. Kg4 Bd7+ 31. Kg3 Bb5 32. Bxb5 axb5 33. Rb1 Nc4 34.
Rxb5 Nd2 35. Rb6+ e6 36. dxe6 Nxe4+ 37. Kg4 Nf2+ 38. Kg3 Ne4+ 39. Kh4 fxe6 40.
Rbxb7 Rc1 41. Nh2 Rh1 42. Kg4 Rd1 43. Kf3 Nc3 44. Ng4+ 1-0

[Event "Russian Cup Final 2015"]
[Site "Khanty-Mansiysk RUS"]
[Date "2015.12.07"]
[Round "2.1"]
[White "Bukavshin, Ivan"]
[Black "Khairullin, Ildar"]
[Result "1/2-1/2"]
[WhiteTitle "GM"]
[BlackTitle "GM"]
[WhiteElo "2657"]
[BlackElo "2647"]
[WhiteFideId "4199758"]
[BlackFideId "4151348"]
[EventDate "2015.12.05"]

1. e4 e5 2. Nf3 Nc6 3. Bb5 a6 4. Ba4 Nf6 5. O-O Be7 6. Re1 b5 7. Bb3 O-O 8. c3
d6 9. h3 Nb8 10. d4 Nbd7 11. Nbd2 Bb7 12. Bc2 Re8 13. Nf1 Bf8 14. Ng3 g6 15. a4
c5 16. d5 c4 17. Bg5 Be7 18. Qd2 Nc5 19. Bh6 Nfd7 20. Nh2 bxa4 21. Bxa4 Nxa4 22.
Rxa4 a5 23. Be3 Ba6 24. Rf1 h5 25. Nf3 Bf6 26. Ra2 Bb5 27. Kh2 a4 28. Ne1 Rc8
29. Nc2 Nc5 30. f3 Nb3 31. Qe1 Bg7 32. Rg1 Rf8 33. Na1 Be8 34. Qe2 f5 35. exf5
gxf5 36. f4 Qh4 37. Rf1 Bh6 38. Qf2 Qe7 39. Qf3 e4 40. Qe2 Qf7 1/2-1/2

[Event "Russian Cup Final 2015"]
[Site "Khanty-Mansiysk RUS"]
[Date "2015.12.07"]
[Round "2.1"]
[White "Kokarev, Dmitry"]
[Black "Timofeev, Artyom"]
[Result "1-0"]
[WhiteTitle "GM"]
[BlackTitle "GM"]
[WhiteElo "2611"]
[BlackElo "2555"]
[WhiteFideId "4132181"]
[BlackFideId "4140419"]
[EventDate "2015.12.05"]

1. e4 c5 2. Nf3 d6 3. d4 cxd4 4. Nxd4 Nf6 5. Nc3 g6 6. Be3 Bg7 7. f3 Nc6 8. Qd2
O-O 9. Bc4 Nxd4 10. Bxd4 Be6 11. Bb3 Qa5 12. O-O-O Rfc8 13. Kb1 b5 14. Rhe1 Bxb3
15. cxb3 b4 16. Bxf6 bxc3 17. Bxc3 Bxc3 18. bxc3 Rxc3 19. Re3 Rc5 20. Qxa5 Rxa5
21. Rd5 Ra6 22. Rb5 Rc6 23. Rb7 Kf8 24. Re2 Rc5 25. b4 Re5 26. f4 Re6 27. Kc2 a5
28. b5 d5 29. e5 Rc8+ 30. Kd3 Rc4 31. Rb8+ Kg7 32. Rb2 Rxf4 33. b6 Rb4 34. Rxb4
axb4 35. Kd4 Kh6 36. Kc5 d4 37. Rd8 Rxe5+ 38. Kc4 1-0